Bibliografía crítica de las obras de Miguel de Cervantes Saavedra / (Record no. 163574)
[ view plain ]
| 000 -LEADER | |
|---|---|
| campo de control de longitud fija | 00786cam a22002175i 4500 |
| 001 - NÚMERO DE CONTROL | |
| campo de control | 163574 |
| 003 - IDENTIFICADOR DE NÚMERO DE CONTROL | |
| campo de control | ES-MaACL |
| 005 - FECHA Y HORA DE LA ÚLTIMA TRANSACCIÓN | |
| campo de control | 20230906212752.0 |
| 008 - DATOS DE LONGITUD FIJA--INFORMACIÓN GENERAL | |
| campo de control de longitud fija | 940301m18951904sp |||| | spa d |
| 040 ## - FUENTE DE CATALOGACIÓN | |
| Centro catalogador/agencia de origen | AS |
| Lengua de catalogación | spa |
| 100 1# - ENTRADA PRINCIPAL--NOMBRE DE PERSONA | |
| Nombre de persona | Rius, Leopoldo. |
| 9 (RLIN) | 131846 |
| 245 10 - MENCIÓN DEL TÍTULO | |
| Título | Bibliografía crítica de las obras de Miguel de Cervantes Saavedra / |
| Mención de responsabilidad, etc. | por Leopoldo Rius. |
| 260 ## - PUBLICACIÓN, DISTRIBUCIÓN, ETC. | |
| Lugar de publicación, distribución, etc. | Madrid : |
| Nombre del editor, distribuidor, etc. | Librería de M. Murillo, |
| Fecha de publicación, distribución, etc. | 1895-1904 ( |
| Lugar de fabricación/manufactura | Barcelona : |
| Fabricante | Fidel Giró) |
| 300 ## - DESCRIPCIÓN FÍSICA | |
| Extensión | 3 v. ; |
| Dimensiones | 26 cm. |
| 600 17 - PUNTO DE ACCESO ADICIONAL DE MATERIA--NOMBRE DE PERSONA | |
| Nombre de persona | Cervantes Saavedra, Miguel de, |
| Fechas asociadas al nombre | 1547-1616- |
| 9 (RLIN) | 168271 |
| Subdivisión de forma | Bibliografías |
| 752 ## - ENTRADA AGREGADA--NOMBRE JERÁRQUICO DEL LUGAR | |
| País o entidad superior | España - |
| Ciudad | Madrid |
| 752 ## - ENTRADA AGREGADA--NOMBRE JERÁRQUICO DEL LUGAR | |
| País o entidad superior | España - |
| Ciudad | Villanueva y Geltrú |
| 852 ## - LOCALIZACIÓN | |
| Ubicación | ES-MaACL |
| Número de control de estantería | C-2312-2314 |
| Nota libre | -- Enc. pasta los t.I-II y enc. hol. el t.III |
| 942 ## - ELEMENTOS DE ENTRADA SECUNDARIOS (KOHA) | |
| Fuente del sistema de clasificación o colocación | Clasificación decimal universal |
| Estatus retirado | Estado de pérdida | Estado de daño | No para préstamo | Colección | Biblioteca de origen | Biblioteca actual | Ubicación en estantería | Fecha de adquisición | Fuente de adquisición | Total de préstamos | Signatura topográfica completa | Código de barras | Visto por última vez | Precio de reemplazo | Tipo de ítem Koha |
|---|---|---|---|---|---|---|---|---|---|---|---|---|---|---|---|
| Libros del s. XIX | Biblioteca del Ateneo de Madrid | Biblioteca del Ateneo de Madrid | Sala Palomar | 17/01/2008 | C-2312-2314 | 1171411 | 23/02/2023 | 23/02/2023 | Libro impreso antiguo |
